LotR: How old was Aragorn when.....? - Statistics

General Stats
  • This quiz has been taken 34 times
    32 since last reset
  • The average score is 6 of 12
Answer Stats
Question Answer % Correct
When he was crowned king of Gondor and married Arwen? 88
83%
When he meets Arwen for the second time? 49
80%
When the Council of Elrond was held? 87
77%
When he met Arwen for the first time and fell in love? 20
67%
When he dies? 210
67%
When he decreed that the Shire is a free land under the reunited kingdom’s protection? 96
67%
When he catches Gollum and takes him to Mirkwood? 86
63%
When his mother, Gilraen, brought him to Rivendell to live? 2
53%
When he met Gandalf for the first time? 25
27%
When he lived in Gondor and Rohan under the alias of Thorongil? 26-49
27%
When Merry and Pippin arrive in Gondor to spend their last few years with him? 153
17%
When his mother, Gilraen, dies? 76
17%
No matching quizzes found
Score Distribution
Percent of People with Each Score
Percentile by Number Answered
Your Score History
You have not taken this quiz since the last reset